000 00686cam a2200217 a 4500
001 000023471
005 20200930022236.0
008 810921s1979 cu 000 f spa d
040 _aDO-SdBNP
_bspa
_cBNPHU
082 _aCu863.2
_bV727cec
100 1 _aVillaverde, Cirilo,
_d1812-1894
_92315
245 1 0 _aCecilia Valdés /
_cCirilo Villaverde ; edición de Josué Marrero.
260 _aLa Habana :
_bLetras Cubanas,
_c1979.
300 _av. ;
_c18 cm.
500 _aIncluye referencia biográfica del autor en la contracubierta.
650 4 _aNovela cubana
_92316
650 4 _aLiteratura cubana
_91483
700 1 _aMarrero, Josué,
_eed.
_948364
910 _aWM
049 _aBNGR
999 _c22967
_d22967